000 01668nam a2200445 i 4500
001 39186
003 KOSZ 005
005 20220706084133.0
008 100701s1998 pl |100 0 pol
015 _aPB 1999/12195
020 _a8387832049
040 _aWA N
_cWA N
_dKOSZ 005/HR
041 1 _apol
046 _k1998
080 _a327.51
080 _a355.3
080 _a061.1(100-622)
080 _a327(4-191.2-11+438)"19"
080 _a(06)
245 0 0 _aPolska a dalsze otwarcie NATO /
_cpraca pod red. Erharda Cziomera ; [aut. Stefan Jurczak et al. ; Fundacja "Międzynarodowe Centrum Rozwoju Demokracji", Friedrich Ebert Stiftung. Przedstawicielstwo w Polsce].
260 _aKraków :
_bF"MCRD",
_c1998.
300 _a144, [8] s. ;
_c21 cm.
380 _aKsiążki
388 _a1901-2000
388 _a1989-2000
500 _aNazwy aut. na s. [147]. - Materiały z konferencji, Kraków 14-15.05.1998.
546 _aTekst częśc. tł. z różnych jęz.
610 2 4 _aNATO
651 4 _aPolska
651 4 _aEuropa Środkowo-Wschodnia
655 4 _aMateriały konferencyjne
658 _aBezpieczeństwo i wojskowość
658 _aPolityka, politologia, administracja publiczna
700 1 _aCziomer, Erhard
_d(1940-2020)
_eRedakcja
700 1 _aJurczak, Stefan
_eRedakcja
710 2 _aMiędzynarodowe Centrum Rozwoju Demokracji
710 2 _aPrzedstawicielstwo w Polsce (Fundacja im. Friedricha Eberta)
856 4 1 _uhttp://koha.tu.koszalin.pl/cgi-bin/koha/opac-detail.pl?biblionumber=39186
_zKatalog online BPK
942 _2UKD
_cKS
999 _c39186
_d39186